Beginning theory : (Record no. 10229)

MARC details
000 -LEADER
fixed length control field 00569cam a2200205ua 4500
001 - CONTROL NUMBER
control field 11398
005 - DATE AND TIME OF LATEST TRANSACTION
control field 20260515114740.0
008 - FIXED-LENGTH DATA ELEMENTS--GENERAL INFORMATION
fixed length control field 190917n ii |||gr||||Z||||||eng
020 ## - INTERNATIONAL STANDARD BOOK NUMBER
International Standard Book Number 9788130915685
040 ## - CATALOGING SOURCE
Transcribing agency MAIN
082 ## - DEWEY DECIMAL CLASSIFICATION NUMBER
Classification number 801.95
100 ## - MAIN ENTRY--PERSONAL NAME
Personal name Peter Barry . ,
Relator term Author.
245 ## - TITLE STATEMENT
Title Beginning theory :
Remainder of title an introduction to literary and cultural theory /
Statement of responsibility, etc. By Peter Barry .
250 ## - EDITION STATEMENT
Edition statement 3rd ed.
260 ## - PUBLICATION, DISTRIBUTION, ETC.
Place of publication, distribution, etc. New Delhi:
Name of publisher, distributor, etc. Viva books,
Date of publication, distribution, etc. 2010.
300 ## - PHYSICAL DESCRIPTION
Extent 338p.
653 ## - INDEX TERM--UNCONTROLLED
Uncontrolled term Philosophy & theory
653 ## - INDEX TERM--UNCONTROLLED
Uncontrolled term Literary and cultural theory
942 ## - ADDED ENTRY ELEMENTS (KOHA)
Koha item type Books
Holdings
Withdrawn status Lost status Damaged status Not for loan Home library Current library Shelving location Date acquired Total checkouts Full call number Barcode Date last seen Copy number Price effective from Koha item type
        Naharkatiya College Library Naharkatiya College Library General stacks 09/19/2020   801.95English Literature | BAR 27641 09/19/2020 1 09/19/2020 Books
        Naharkatiya College Library Naharkatiya College Library General stacks 09/19/2020   801.95English Literature | BAR 27642 09/19/2020 2 09/19/2020 Books